Historia de la guerra civil y de los partidos liberal y carlista / (Record no. 120204)
[ view plain ]
| 000 -LEADER | |
|---|---|
| campo de control de longitud fija | 00994nam a2200217 i 4500 |
| 001 - NÚMERO DE CONTROL | |
| campo de control | 120204 |
| 003 - IDENTIFICADOR DE NÚMERO DE CONTROL | |
| campo de control | ES-MaACL |
| 005 - FECHA Y HORA DE LA ÚLTIMA TRANSACCIÓN | |
| campo de control | 20240328063536.0 |
| 007 - CAMPO FIJO DE DESCRIPCIÓN FÍSICA--INFORMACIÓN GENERAL | |
| campo de control de longitud fija | t| |
| 008 - DATOS DE LONGITUD FIJA--INFORMACIÓN GENERAL | |
| campo de control de longitud fija | 070214m1984 sp r ||||1| spa d |
| 080 ## - NÚMERO DE LA CLASIFICACIÓN DECIMAL UNIVERSAL | |
| Número de la Clasificación Decimal Universal | 94(460)"1833/40" |
| 100 1# - ENTRADA PRINCIPAL--NOMBRE DE PERSONA | |
| Nombre de persona | Pirala, Antonio, |
| Fechas asociadas al nombre | 1824-1903 |
| 9 (RLIN) | 92337 |
| 245 10 - MENCIÓN DEL TÍTULO | |
| Título | Historia de la guerra civil y de los partidos liberal y carlista / |
| Mención de responsabilidad, etc. | Antonio Pirala ; estudio preliminar por Julio Aróstegui. |
| 260 ## - PUBLICACIÓN, DISTRIBUCIÓN, ETC. | |
| Lugar de publicación, distribución, etc. | Madrid : |
| Nombre del editor, distribuidor, etc. | Turner [etc.], |
| Fecha de publicación, distribución, etc. | 1984- |
| 300 ## - DESCRIPCIÓN FÍSICA | |
| Extensión | 6 v., lám. ; |
| Dimensiones | 21 cm. |
| 505 8# - NOTA DE CONTENIDO CON FORMATO | |
| Nota de contenido con formato | Contiene: t. I: Desde la Regencia de Urgel hasta la dimisión de Zumalacárregui -- t. II: Primer sitio de Bilbao ; Panorama de los ejércitos liberales y carlistas en el Norte -- t. III: año 1836 -- t. IV: 1837 -- t. V: año 1838-1839 t. VI: La regencia de Espartero |
| 651 #4 - PUNTO DE ACCESO ADICIONAL DE MATERIA--NOMBRE GEOGRÁFICO | |
| Nombre geográfico | España- |
| Subdivisión general | Historia- |
| Subdivisión cronológica | 1833-1840, Guerra carlista |
| 9 (RLIN) | 8250 |
| 700 1# - ENTRADA AGREGADA--NOMBRE PERSONAL | |
| Nombre de persona | Aróstegui, Julio, |
| Fechas asociadas al nombre | 1939-2013 |
| 9 (RLIN) | 23167 |
| 852 ## - LOCALIZACIÓN | |
| Ubicación | ES-MaACL |
| Número de control de estantería | L-9284-89 |
| Estatus retirado | Estado de pérdida | Estado de daño | No para préstamo | Biblioteca de origen | Biblioteca actual | Ubicación en estantería | Fecha de adquisición | Fuente de adquisición | Total de préstamos | Signatura topográfica completa | Código de barras | Visto por última vez | Precio de reemplazo | Tipo de ítem Koha |
|---|---|---|---|---|---|---|---|---|---|---|---|---|---|---|
| Biblioteca del Ateneo de Madrid | Biblioteca del Ateneo de Madrid | Depósito 2 | 17/01/2008 | L-9284-89 | 1125293 | 23/02/2023 | 23/02/2023 | Libro impreso |
